| 000 | 00566cam a22001934a 4500 | ||
|---|---|---|---|
| 005 | 20250605164154.0 | ||
| 008 | 250528s ||||||||||||||||||||||||d | ||
| 035 | _a19507 | ||
| 020 | _a9603280658 | ||
| 040 |
_aGR-AtMCL _bgre _dGR-AtMCL _eAACR2 |
||
| 245 | 1 | _aΣΤΟΥ ΠΟΝΟΥ ΤΗ ΓΥΑΛΙΝΗ ΠΙΣΤΑ / ΣΥΝΑΝΤΗΣΑ ΤΟ ΠΡΟΣΩΠΟ | |
| 250 | _a3 | ||
| 260 |
_bΑκριτας, _c2003 |
||
| 300 | _a278 | ||
| 700 | 1 |
_aΠαπαϊωαννου-Σταυροπουλου Ντεμη _95751 |
|
| 942 | _cBK | ||
| 999 |
_c4763 _d4763 |
||